European Countries by Female Monarchs - Statistics

General Stats
  • This quiz has been taken 92 times
  • The average score is 15 of 17
Answer Stats
Queens Country % Correct
Mary I, Elizabeth I England
99%
Olga Kiev
99%
Margrethe I, Margrethe II Denmark
97%
Mary II, Anne Great Britain
97%
Victoria, Elizabeth II United Kingdom
97%
Petronilla Aragon
96%
Uracca, Berengaria, Isabella I, Joanna Castile
96%
Isabella II Spain
96%
Christina, Ulrika Eleonora Sweden
93%
Maria Theresa Austria
91%
Wilhelmina, Juliana, Beatrix Netherlands
91%
Catherine I, Anna, Elizabeth, Catherine II Russia
91%
Jadwiga, Anna Poland
80%
Maria I, Maria II Portugal
80%
Mary Scotland
59%
Mary Hungary
49%
Irene, Zoe, Theodora Byzantine
38%
No matching quizzes found
Score Distribution
Percent of People with Each Score
Percentile by Number Answered
Your Score History
You have not taken this quiz